Egy vendéglátóipari egység profilváltásának vizsgálata vonzáskörzet számítások alapján

Bibliográfiai részletek
Szerző: Matók Lívia
További közreműködők: Kozák Dr. Tamás József
Dokumentumtípus: Diplomadolgozat
Kulcsszavak:Profilváltás
Vonzáskörzet
Vendéglátóipar
Piacfoglalás
Forgalombecslés
Online Access:http://dolgozattar.uni-bge.hu/3825

MARC

LEADER 00000nta a2200000 i 4500
001 dolg3825
005 20160206130347.0
008 151201suuuu hu om 000 hun d
040 |a BGE Dolgozattár Repozitórium  |b hun 
041 |a hu 
100 1 |a Matók Lívia 
245 1 0 |a Egy vendéglátóipari egység profilváltásának vizsgálata vonzáskörzet számítások alapján  |c Matók Lívia  |h [elektronikus dokumentum] 
246 1 1 |a Egy vendéglátóipari egység profilváltásának vizsgálata vonzáskörzet számítások alapján 
246 1 1 |a - 
520 3 |a - 
695 |a Profilváltás 
695 |a Vonzáskörzet  
695 |a Vendéglátóipar 
695 |a Piacfoglalás  
695 |a Forgalombecslés  
700 1 |a Kozák Dr. Tamás József  |e ths 
856 4 0 |u http://dolgozattar.uni-bge.hu/3825/1/Mat%C3%B3k%20L%C3%ADvia%20Szakdolgozat.pdf  |z Dokumentum-elérés